000
00285nam a22001097a 4500
999
_c
65263
_d
65260
082
_a
297.754 SUL
100
_a
سید سلیمان ندوی
245
_a
اسلام م سرکاری عملدار کی ذمیواریان
260
_a
اسلام اباد
300
_a
۱۶
942
_c
BK